[Event "Capablanca Memorial Elite 40th"]
[Site "Havana"]
[Date "2005.05.19"]
[Round "14"]
[White "Jobava, Baadur"]
[Black "Nogueiras Santiago, Jesus"]
[Result "1-0"]
[WhiteElo "2637"]
[BlackElo "2533"]
[Annotator "Huebner,R"]
[PlyCount "57"]
[EventDate "2005.05.06"]
[EventType "tourn"]
[EventRounds "14"]
[EventCountry "CUB"]
[EventCategory "15"]
[SourceTitle "CBM 107"]
[Source "ChessBase"]
[SourceDate "2005.08.01"]
[SourceVersion "1"]
[SourceVersionDate "2005.08.01"]
[SourceQuality "1"]

1. d4 d5 2. c4 c6 3. Nc3 Nf6 4. Nf3 dxc4 5. a4 Bf5 6. Ne5 Nbd7 7. Nxc4 Nb6 8.
Ne5 a5 9. e3 g6 10. Bd3 {Weiß wählt eine ruhige, solide Fortsetzung. In den
Vorgängerpartien versuchte Weiß, raumgreifend vorzugehen:} (10. g4 Be6 11. h4
h5 12. g5 Nfd7 13. Nd3 Bc4 14. b3 Bxd3 15. Bxd3 e5 16. Qc2 Bb4 17. Bd2 Qe7 18.
O-O-O O-O-O 19. Kb1 Kb8 $11 {1-0 Pogorelov,R-Peralta,F/Pobla de Lillet 2002/
CBM 089 ext (47). (46)}) (10. f3 Nfd7 11. f4 Nxe5 12. fxe5 Bg7 13. Be2 O-O 14.
O-O Be6 15. Ne4 Bd5 16. Nc5 Nd7 17. e4 Nxc5 18. exd5 Na6 19. dxc6 bxc6 20. Bc4
c5 21. Be3 cxd4 22. Bxd4 Nb4 23. Bc3 e6 24. Qe2 Qc7 25. Rf4 Rad8 26. Re4 Rd7 {
1/2-1/2 Pogorelov,R-Moskalenko,V/Alcudia 2003/EXT 2005 (26).}) 10... Bxd3 11.
Nxd3 Bg7 12. Qb3 O-O 13. O-O Nfd7 $6 {Dieser Zug mutet etwas passiv an.
Schwarz sollte nach entlastendem Figurentausch streben; das konnte er am
besten mit} (13... Rb8 14. Bd2 (14. e4 Qxd4 15. Rd1 Nfd7 {ist nicht günstig
für Weiß.}) 14... Nbd5 {erreichen.}) 14. Ne2 {Weiß bereitet e3-e4 vor.} e5 $2 {
Die Öffnung der Stellung ist verfehlt, weil Schwarz an der Verteidigung des
Springers auf b6 und des Bauern auf b7 klebt. Er sollte sich um die Deckung
des Bauern auf b7 kümmern.} (14... Ra7 15. e4 Nf6 16. f3 {überläßt dem Weißen
Vorteil.}) (14... Nf6 15. f3 (15. Nc5 Qc7 16. e4 Nbd7 {ergibt eine
ausgeglichene Stellung.}) 15... Qc7 16. e4 Nbd7 17. Bf4 Qb6 18. Qxb6 Nxb6 19.
Nc5 Nfd7 {scheint spielbar für Schwarz zu sein, denn nach} 20. Nxb7 Ra7 21. Nc5
Nxc5 22. dxc5 Nc4 {hat er keine Schwierigkeiten mehr.}) 15. dxe5 Nxe5 16. Nxe5
Bxe5 17. e4 Qc7 18. Be3 Nd7 19. f4 Bg7 20. e5 {Der Vorteil des Weißen ist nun
offensichtlich. Seinem Springer winkt auf d6 ein prächtiges Feld. Ich glaube
nicht, daß die Stellung des Schwarzen noch haltbar ist.} Kh8 21. Nc3 g5 22. g3
gxf4 23. gxf4 Rae8 24. Rae1 {Dies ist gut genug, wenn es auch nicht nötig ist.
Nach} (24. Ne4 {ist} Bxe5 (24... Nxe5 {scheitert an} 25. Bb6) 25. fxe5 Qxe5 26.
Rf4 f5 27. Rd1 {nicht zureichend für Schwarz.}) 24... Rg8 25. Kh1 Nf8 (25...
Re7 26. Ne4 c5 (26... f6 27. e6 $18) 27. Qd5 Nb6 28. Qxc5 Nxa4 29. Qxc7 Rxc7
30. b3 Nb2 31. Re2 Nd3 32. Rd1 Nb4 33. Bb6 {ist ebenfalls hoffnungslos für
Schwarz.}) 26. Ne4 Ng6 27. Nd6 Re7 28. Bb6 Qd7 29. Nxf7+ 1-0

[Event "St Petersburg-ch"]
[Site "St Petersburg"]
[Date "1995.??.??"]
[Round "2"]
[White "Sakaev, Konstantin"]
[Black "Solozhenkin, Evgeniy"]
[Result "1-0"]
[WhiteElo "2535"]
[BlackElo "2480"]
[Annotator "Huebner,R"]
[PlyCount "73"]
[EventDate "1995.04.??"]
[EventType "tourn"]
[EventRounds "12"]
[EventCountry "RUS"]
[EventCategory "9"]
[SourceTitle "CBM 047"]
[Source "ChessBase"]
[SourceDate "1995.08.01"]
[SourceVersion "1"]
[SourceVersionDate "1995.08.01"]
[SourceQuality "1"]

1. Nf3 d5 2. d4 Nf6 3. c4 c6 4. Nc3 dxc4 5. a4 Bf5 6. Ne5 e6 7. f3 Bb4 8. e4
Bxe4 9. fxe4 Nxe4 10. Bd2 Qxd4 11. Nxe4 Qxe4+ 12. Qe2 Bxd2+ 13. Kxd2 Qd5+ 14.
Kc2 Na6 15. Nxc4 O-O 16. Qe5 Rac8 {Die Variante mit 15...0-0 wurde in letzter
Zeit nicht gespielt, weil alle entstehenden Endspiele für Schwarz unerfreulich
sind (vgl. die folgenden Anmerkungen). Der Textzug kann sie wahrscheinlich
nicht beleben.} (16... f6 17. Qxd5 cxd5 18. Nd6 Nb4+ 19. Kc3 (19. Kb1 $5 b6 20.
a5 $14) 19... a5 20. Be2 Rfd8 21. Nb5 Rac8+ $13 {Zakharstov-Kandyba, Smolensk
1991, CBM 24}) (16... Rfd8 17. Be2 f6 18. Qxd5 (18. Qe3 $2 Qf5+ 19. Kb3 (19.
Kc3 Nc7 20. Qg3 (20. Qf3 Qc5 21. Kb3 b5 22. axb5 Nxb5 $17 {Kuz'min-Chalifman,
Moskau (GMA) 1989, Inf. 47/463}) 20... Nd5+ 21. Kb3 Nf4 $17 {Birnboim-Cernin,
Lugano Open 1989, TD 1989 I}) 19... b5 20. axb5 Qxb5+ 21. Kc3 Rab8 22. Ra3 Nb4
$13 {Ostenstad-Tisdall, Espoo (zt) 1989, CBM 14}) 18... cxd5 19. Na5 Rdc8+ (
19... Rac8+ 20. Kb1 (20. Kb3 Nc5+ 21. Ka3 b6 22. Nb3 Kf7 $15 {Pr.
Nikolic-Beljavskij, Reykjavik 1988, CBM 10}) 20... Nc5 (20... Nb4 21. Nxb7 Rd7
22. Na5 d4 23. Bc4 Kf7 24. Re1 $16 {Sakaev-Tabatadze, UdSSR 1989, Inf. 48/(503)
}) 21. Rc1 d4 22. Bf3 $16 {Malanjuk-Pein, Budapest 1989, TD 1989 X, Inf. 47/
(463)}) 20. Kb1 (20. Kb3 Nc5+ 21. Ka3 b6 22. Nb3 Kf7 $15 {Novikov-Chalifman,
Lvov (zt) 1990, CBM 18, Inf. 49/445}) 20... Nb4 21. Nxb7 Rab8 22. Na5 Rc2 23.
Re1 Rd2 24. Ra3 Nc2 25. Kc1 Rxe2 26. Rxe2 Nxa3 27. bxa3 Rb6 28. Rc2 $16 {
Kramnik-Haba, BL 1992/93 (1993), Inf. 57/374}) 17. Be2 f6 18. Qe3 Qf5+ (18...
b5 $6 19. Rad1 Qf5+ 20. Bd3 Qg4 (20... Nb4+ 21. Kb1 Nxd3 22. Nd6 $18 {Novikov,
Inf. 47/(463)}) 21. Nd6 Rcd8 (21... Rb8 22. Kb1 $18 {Novikov-Rosic, Tuzla 1989,
Inf. 47/(463)}) 22. Bf5 Qxa4+ 23. Kb1 Rxd6 24. Bxe6+ Rxe6 25. Qxe6+ Kh8 26. Qe7
Qb4 27. Rhe1 $16 {Novikov, Inf. 47/(463)}) 19. Kb3 b5 (19... Nc5+ 20. Ka3 $16 {
/\ 21.g4, 21.Sd6} (20. Ka2 Nxa4 21. Nd6 Qd5+ 22. Bc4 Qxd6 23. Qxe6+ Qxe6 24.
Bxe6+ Kh8 25. Bxc8 Rxc8 26. Kb3 b5 27. Rhe1 $14 {Novikov, Inf. 47/(463)})) 20.
axb5 cxb5 $2 (20... Nc5+ $142 21. Ka2 (21. Ka3 $2 cxb5 22. Nd6 (22. g4 Qc2 $19)
22... b4+ 23. Ka2 Qd5+ 24. Nc4 b3+ $19) 21... cxb5 22. g4 Qe4 (22... Qc2 23.
Rhc1 Qa4+ 24. Kb1 Qb3 25. Rc3 $16) (22... Qd5 23. Rhd1 {/\ 24.Sd6+/-}) 23. Qxe4
Nxe4 24. Ne3 a6 25. Rhd1 {/\ 26.Kb1+/=/+/- (26...Tc6 27.Lf3)}) 21. Rxa6 bxc4+
22. Ka2 $16 Kh8 (22... Qb5 23. Qxe6+ Kh8 24. Ra3 Rfe8 25. Qg4 $18 {Der
schwarze c-Bauer ist gefesselt.}) 23. Rc1 c3 24. bxc3 Qd5+ 25. c4 Qxg2 26. Rxe6
Qxh2 27. c5 Qc7 28. Rc2 Rb8 29. Qc3 Qb7 30. c6 Qb1+ 31. Ka3 Rfc8 32. Ba6 Rc7
33. Rce2 Qg6 34. Qe3 Rg8 35. Re8 f5 36. Rxg8+ Kxg8 37. Bc4+ 1-0

[Event "EU-chT (Men) 15th"]
[Site "Gothenburg"]
[Date "2005.08.06"]
[Round "8.2"]
[White "Papaioannou, Ioannis"]
[Black "Sokolov, Ivan"]
[Result "1/2-1/2"]
[WhiteElo "2578"]
[BlackElo "2691"]
[Annotator "Huebner,R"]
[PlyCount "86"]
[EventDate "2005.07.30"]
[EventType "team-swiss"]
[EventRounds "9"]
[EventCountry "SWE"]
[SourceTitle "CBM 109"]
[Source "ChessBase"]
[SourceDate "2005.11.14"]
[SourceVersion "1"]
[SourceVersionDate "2005.11.14"]
[SourceQuality "1"]
[WhiteTeam "Greece"]
[BlackTeam "Netherlands"]
[WhiteTeamCountry "GRE"]
[BlackTeamCountry "NED"]

1. d4 d5 2. c4 c6 3. Nf3 Nf6 4. Nc3 dxc4 5. a4 Bf5 6. Ne5 Nbd7 7. Nxc4 Nb6 8.
Ne3 Bg6 9. a5 Nbd5 {Dies ist ein neuer Zug; bisher wurde auschließlich 9...
Sbd7 gespielt. Auch mit diesem Zug erzielte Schwarz befriedigende Ergebnisse,
und dies ist nicht überraschend, denn der Aufbau des Weißen mutet einigermaßen
gekünstelt an. Es folgen Beispiele mit 9...Sbd7.} (9... Nbd7 10. g3 (10. Nc4 $6
Nd5 11. Qb3 e6 12. g3 Nb4 13. Ne3 $2 (13. e4 {ist nötig:} Nf6 (13... Qf6 14.
Bf4 Qxd4 15. Rd1 Qf6 16. Bd6) 14. f3 Qxd4 15. Be3) 13... e5 $2 (13... Qf6 $17)
14. dxe5 Nc5 15. Qc4 Bc2 16. Ra3 Qd7 17. h4 Bf5 18. Qf4 Be6 19. Ra1 O-O-O 20.
f3 Nb3 21. Ra4 Nxc1 22. Rxb4 Qd2+ {0-1 Sidenko,V-Zakurdjaeva,I/Kaluga 2003/EXT
2005 (22).}) 10... e6 11. Bg2 (11. Qb3 b5 12. axb6 axb6 13. Rxa8 Qxa8 14. Bg2
Be7 15. O-O O-O $11 {1/2-1/2 Adianto,U-Torre,E/Ho Chi Minh City 2003/CBM 097
ext (47). (47)}) 11... Rc8 (11... Nd5 12. O-O Be7 13. Qb3 b6 14. f4 Nxe3 15.
Bxe3 Rc8 16. axb6 axb6 17. Bf2 O-O 18. e4 $14 {1/2-1/2 Kempinski,R-Babula,V/
Germany 2001/EXT 2003 (41). (41)}) 12. O-O Be7 13. Nc4 O-O 14. e4 b5 15. axb6
axb6 16. Ne3 b5 17. e5 Nd5 $11) 10. Nexd5 Nxd5 11. Qb3 e6 12. e4 (12. Nxd5 cxd5
13. Qxb7 Rb8 14. Qc6+ (14. Qxa7 Bb4+ 15. Bd2 Bxd2+ 16. Kxd2 Rxb2+ 17. Ke1 O-O {
sieht nicht gesund für Weiß aus.}) 14... Qd7 15. Qxd7+ Kxd7 {verspricht dem
Weißen sicher keinen Vorteil.}) 12... Nxc3 13. bxc3 Bxe4 14. f3 Bd5 (14... Bg6
15. Qxb7 Rb8 16. Qxc6+ Qd7 17. Qxd7+ Kxd7 18. Be2 {ist für Schwarz nicht
sonderlich erstrebenswert, wenngleich er gute Remisaussichten behält.}) 15. c4
({Die Fortsetzung} 15. Qxb7 Bd6 16. c4 O-O (16... Rb8 17. Qxa7 Ra8 {ergibt
remis}) 17. cxd5 (17. Qb2 Qh4+ 18. Kd1 Rab8 19. Qc3 Bxf3+ 20. gxf3 Rfd8 {
sieht für Weiß allzu verdächtig aus.}) 17... Qh4+ 18. Ke2 exd5 ({Nach} 18...
Qxd4 19. Qb2 Qxd5 20. Ra4 {hat Weiß keine Sorgen.}) 19. Kd3 Rfe8 {ist
natürlich nicht nach dem Geschmack des Weißen.}) 15... Qh4+ (15... Bxf3 {
kommt ebenfalls in Betracht, weil Weiß mit vier isolierten Bauern sitzenbleibt:
} 16. gxf3 (16. Qxf3 Bb4+ 17. Bd2 Qxd4 18. Ra2 Bxd2+ 19. Rxd2 Qe5+ 20. Be2 Qa1+
{nebst Da1xa5(+) ist offenbar sehr angehm für Schwarz.}) 16... Qxd4 17. Ra2 (
17. Qxb7 Bb4+ 18. Qxb4 Qxa1 19. Qa3) 17... Qh4+ 18. Rf2 Bc5 19. Be3 Bxe3 20.
Qxe3 O-O {mit undeutlicher Lage.}) 16. Ke2 (16. g3 {ist auch spielbar:} Qxd4
17. Ra4 (17. Bb2 $2 Bb4+ 18. Qxb4 Qe3+ 19. Be2 Bxf3 20. Qd2 Qxd2+ 21. Kxd2
O-O-O+ 22. Ke3 Bxh1 23. Rxh1 f6 {führt zu Vorteil für Schwarz.}) (17. Ra2 Bb4+
18. Bd2 Bxd2+ 19. Rxd2 Qa1+ {ist ebenfalls unbequem für Weiß.}) 17... Bc5 18.
cxd5 Qf2+ 19. Kd1 O-O-O 20. Ra2 Rxd5+ 21. Qxd5 exd5 22. Rxf2 Bxf2 23. Bb2 f6
24. Bd3 h6 {Die Stellung dürfte im Gleichgewicht sein.}) 16... Qxd4 17. Ra4 Bc5
18. Be3 (18. cxd5 Qf2+ 19. Kd1 O-O-O 20. Ra2 {führt zur oben angegebenen
Variante.}) 18... Qe5 (18... Bxf3+ 19. gxf3 (19. Kxf3 Qf6+ 20. Ke2 Qe5 {
ist höchst unbequem für Weiß.}) 19... Qe5 20. Bg2 {ist nicht günstiger für
Schwarz.}) (18... Qxe3+ 19. Qxe3 Bxe3 20. Kxe3 O-O-O {ergibt etwa gleiches
Spiel.}) 19. cxd5 exd5 20. f4 Qe7 21. Kf3 O-O 22. Bxc5 Qxc5 23. Qa3 b6 24. Bd3
{das bequemere Spiel erreicht Weiß mit} (24. Ba6 $5 Rab8 25. Rc1 Qxa3+ 26. Rxa3
c5 27. axb6 axb6 28. Bb5 {usw.}) 24... Rfe8 25. Qxc5 bxc5 26. Rb1 Rab8 27. Raa1
g6 28. Rxb8 Rxb8 29. Rb1 Rxb1 $11 30. Bxb1 Kf8 31. f5 Ke7 32. fxg6 fxg6 33. h4
Kf6 34. Bc2 c4 35. Ba4 c5 36. Kf4 h6 37. g3 g5+ 38. hxg5+ hxg5+ 39. Ke3 Ke5 40.
Bb5 d4+ 41. Ke2 c3 42. Kd3 Kf5 43. Bd7+ Ke5 1/2-1/2

[Event "USA-ch"]
[Site "San Diego"]
[Date "2004.11.26"]
[Round "3"]
[White "Akobian, Varuzhan"]
[Black "Gonzalez, Renier"]
[Result "1/2-1/2"]
[WhiteElo "2571"]
[BlackElo "2428"]
[Annotator "Huebner,R"]
[PlyCount "113"]
[EventDate "2004.11.24"]
[EventType "swiss"]
[EventRounds "9"]
[EventCountry "USA"]
[SourceTitle "CBM 105"]
[Source "ChessBase"]
[SourceDate "2005.04.11"]
[SourceVersion "1"]
[SourceVersionDate "2005.04.11"]
[SourceQuality "1"]

1. d4 Nf6 2. c4 c6 3. Nc3 d5 4. Nf3 dxc4 5. a4 Bf5 6. Ne5 e6 7. f3 Bb4 8. e4
Bxe4 9. fxe4 Nxe4 10. Bd2 Qxd4 11. Nxe4 Qxe4+ 12. Qe2 Bxd2+ 13. Kxd2 Qd5+ 14.
Kc2 Na6 15. Nxc4 O-O-O 16. Qe5 f6 17. Qxd5 cxd5 18. Na5 Nc5 19. Nb3 $6 {
Dies ist keine überzeugende Fortsetzung. Besser ist} (19. b4 Ne4 20. Bd3 Nf2
21. Rhf1 Nxd3 22. Kxd3 Kb8 23. g4 $14 {1-0 Horvath,P-Varga,P/Aggtelek 1996/EXT
2004 (45). (44)}) 19... Nxb3 20. Kxb3 Kc7 21. a5 Kd6 22. Be2 f5 23. Ra4 e5 24.
Rb4 Rd7 25. Rc1 e4 26. Bb5 Re7 27. a6 bxa6 28. Rc6+ Ke5 29. Bxa6 Rd8 30. Kc3
d4+ 31. Kd2 d3 32. g3 e3+ 33. Ke1 e2 34. Bxd3 Rxd3 35. Rc2 Kf6 36. Rxe2 Rxe2+
37. Kxe2 Rd6 38. Ra4 Rb6 39. b4 a6 40. Ke3 Kg5 41. Kf3 g6 42. h4+ Kf6 43. Kf4
h6 44. Ke3 Ke7 45. Ra5 Ke6 46. Kd3 Kf6 47. Ke3 g5 48. hxg5+ hxg5 49. Kf3 g4+
50. Kf2 Kg5 51. Kg2 Kg6 52. Kf1 Kf6 53. Kf2 Ke6 54. Ke3 Kf6 55. Kf2 Rxb4 56.
Rxa6+ Ke5 57. Ra2 1/2-1/2

[Event "Bundesliga 0405"]
[Site "Germany"]
[Date "2005.04.10"]
[Round "15.1"]
[White "Nielsen, Peter Heine"]
[Black "Haba, Petr"]
[Result "1-0"]
[WhiteElo "2663"]
[BlackElo "2520"]
[Annotator "Huebner,R"]
[PlyCount "77"]
[EventDate "2004.11.12"]
[EventType "team-tourn"]
[EventRounds "15"]
[EventCountry "GER"]
[SourceTitle "CBM 107"]
[Source "ChessBase"]
[SourceDate "2005.08.01"]
[SourceVersion "1"]
[SourceVersionDate "2005.08.01"]
[SourceQuality "1"]
[WhiteTeam "Wattenscheid"]
[BlackTeam "Erfurt"]
[WhiteTeamCountry "GER"]
[BlackTeamCountry "GER"]

1. d4 d5 2. c4 c6 3. Nc3 Nf6 4. Nf3 dxc4 5. a4 Bf5 6. Ne5 e6 7. f3 Bb4 8. e4
Bxe4 9. fxe4 Nxe4 10. Bd2 Qxd4 11. Nxe4 Qxe4+ 12. Qe2 Bxd2+ 13. Kxd2 Qd5+ 14.
Kc2 Na6 15. Nxc4 O-O 16. Qe5 Rab8 17. a5 Rfc8 {Dies ist Habas Lieblingszug:
Schwarz verhindert Qe5xd5 gründlich. Der Turm steht aber auf c8 nicht
besonders wirksam, wenn kein Damentausch erfolgt; das zeigt sich auch in der
Partie. Es folgt einiges Material zu dem Zug 17...Rfd8.} (17... Rfd8 18. Be2 f6
({Auf} 18... Nb4+ {folgt} 19. Kb3 b5 20. axb6 ({Nicht besser ist} 20. Qxd5 exd5
21. Ne5 c5 {mit unklarem Spiel.}) 20... Qxe5 21. Nxe5 Rxb6 22. Kc4 {mit
besserem Spiel für Weiß.}) 19. Qxd5 ({Die Fortsetzung} 19. Qe3 Qf5+ 20. Kb3 (
20. Kc1 Nb4 {ist nicht besser.}) ({Die Fortsetzung} 20. Kc3 Nc7 21. Kb3 b5 {
sieht nicht angenehm für Weiß aus.}) 20... b5 (20... Qb5+ {ist auch spielbar.})
21. axb6 Nc5+ {ist unbequem für Weiß.}) 19... cxd5 20. Nd2 Rdc8+ (20... Kf7 21.
Rhc1 Rdc8+ 22. Kd1 Ke7 23. Nb3 e5 24. Rc3 Rxc3 25. bxc3 Nc7 $11 {1/2-1/2
Ivanchuk,V-Bareev,E/Montecatini Terme 2000/CBM 79/[Huebner,R] (67). (67)}) 21.
Kb1 (21. Kb3 {Dies gefällt mir noch besser; der Damenspringer des Schwarzen
kann nicht über b4 ins Spiel gebracht werden, und Weiß kann nach geeigneter
Vorbereitung Kb3-a3 nebst b2-b4 spielen.}) 21... Kf7 22. Ra3 Nb4 23. Nb3 Nc2
24. Ra4 Ne3 25. g3 e5 26. Re1 d4 27. Bd3 Rc7 28. Rc1 Rxc1+ (28... Rbc8 29.
Rxc7+ Rxc7 {sieht natürlicher aus.}) 29. Kxc1 Rc8+ 30. Kd2 Rc7 31. Rb4 f5 32.
Rb5 Kf6 33. Nc5 e4 34. Be2 a6 (34... g5 35. b4 Re7 36. Rxb7 Rxb7 37. Nxb7 f4 {
ist der Ausgang der Partie noch nicht klar, zum Beispiel} 38. b5 (38. Nd6 Ke5
39. Nc4+ Kd5 {sieht nicht erfolgversprechender aus.}) 38... f3 39. b6 axb6 40.
a6 Nd5 41. a7 Nc7 {usw.}) 35. Rb6+ Ke5 36. b4 Kd5 37. Rxb7 Rxb7 38. Nxb7 Nc4+
39. Bxc4+ Kxc4 40. Nd6+ Kxb4 41. Nxf5 Kxa5 42. Nxd4 Kb4 43. Ke3 Kc4 44. Nf5 a5
45. Nd6+ Kb4 46. Nxe4 a4 47. Kd3 a3 48. Kc2 Kc4 49. Ng5 h6 50. Ne6 g5 51. g4
Kd5 52. Nd8 Ke4 53. Nf7 {1-0 Bareev,E-Ribli,Z/Neum 2000/CBM 80/[Huebner,R] (53)
.}) (17... Nb4+ 18. Kb3 c5 (18... b5 19. Qxd5 exd5 20. Ne5 $16) 19. Qxd5 exd5
20. Nd6 {mit Vorteil für Weiß.}) 18. Be2 f6 19. Qe3 Rd8 ({Mit} 19... Qf5+ {
wurden ebenfalls keine guten Erfahrungen gemacht:} 20. Kc1 Nb4 21. Qc3 (21. Qd2
Qc5 (21... Rd8 $5 22. Qxb4 Qf4+ 23. Kb1 Qe4+ 24. Ka2 Qxe2 {führt zu einer
unklaren Lage.} 25. Rae1 Qxg2 $2 26. Rhg1 Qd5 27. Rxg7+ Kxg7 28. Qe7+ Kg6 29.
Rg1+ {1-0 Agamaliev,G-Kalygin,S/Alushta 2002/CBM 090 ext (29)}) 22. Rd1 Rd8 ({
Nach} 22... b5 $6 23. axb6 axb6 24. Qd6 {hat Weiß Vorteil, aber}) (22... Nd5 {
führt ebenfalls zu etwa gleichem Spiel.}) 23. Qxd8+ Rxd8 24. Rxd8+ Kf7 25. Rd7+
Kg6 (25... Kg8 26. Ra3 {ist ebenfalls nicht gut für Schwarz, denn} Qf5 (26...
Qg5+ 27. Kd1 Qxg2 28. Rg3 Qh1+ 29. Kd2 g5 30. Re3 {mit entscheidendem Angriff.}
) (26... Qg1+ 27. Kd2 Qxh2 28. g3 Qh6+ 29. Ne3 Qg5 30. Rxb7 Qc5 31. Bc4 {
, und Weiß macht Fortschritte.}) 27. Rd8+ Kf7 28. Nd6+ {kostet ihn die Dame.})
(25... Kf8 26. Ra3 Qg5+ 27. Ne3 (27. Kd1 {kann hier mit} Qxg2 {beantwortet
werden, denn nach} 28. Rg3 Qh1+ 29. Kd2 Qxh2 30. Rgxg7 Qh6+ 31. Kc3 Nd5+ {
gewinnt Schwarz.}) 27... Nd5 28. a6 b5 {mit unklaren Folgen.}) (25... Ke8 {
genügt ebenfalls zum Ausgleich:} 26. Rxb7 (26. Rxg7 Qf2 {ist nicht besser.})
26... Qf2 27. Rxb4 (27. Ra4 Qe1+ (27... c5 $11) 28. Bd1 Nd3+ 29. Kc2 Nc5 $13)
27... Qe1+ 28. Kc2 Qxb4 29. Rd1 Ke7 $13 {usw.}) 26. Ra3 Qg1+ 27. Bd1 Qxh2 28.
Rd4 (28. Rxb7 {verspricht nicht mehr, nach} Qf4+ 29. Nd2 h5 (29... a6 {
scheitert an} 30. Bh5+ Kxh5 (30... Kh6 31. Rh3 {rettet den Schwarzen nicht.})
31. Rxg7 Kh6 32. Rg8) 30. Be2 ({Nach} 30. Bxh5+ Kxh5 31. Rxg7 {hat Schwarz die
Verteidigung} Kh6 32. Rg8 Kh7) (30. Rxa7 Qd6 31. Rb7 Qc5+ 32. Kb1 Qg1 {führt
zum Remis.}) 30... Nd5 {kann Schwarz weiterkämpfen}) 28... h6 (28... f5 $6 29.
Re3 Kf6 30. Rd6 Qxg2 31. Rexe6+ Kg5 32. Ne5 {mit entscheidendem Angriff für
Weiß.}) (28... h5 $6 29. Rh3 Qg1 30. Ne5+ fxe5 31. Rxb4 {mit Vorteil für Weiß:}
Qc5+ 32. Bc2+ {mit Gegenschach.}) 29. Rh3 Qc7 30. Re3 Nd5 (30... e5 31. Nxe5+
fxe5 32. Rxb4 Qxa5 33. Bc2+ Kf6 34. Rxb7 {ist hoffnungslos für Schwarz.}) 31.
Rxe6 Kf7 32. Rde4 Kg8 33. Rd6 g6 34. Re8+ Kg7 35. Red8 Qf7 36. R8d7 Ne7 37. Bb3
{1-0 Ribli,Z-Haba,P/Germany 2001/CBM 087/[Huebner,R] (37).}) 21... Qg5+ 22. Qe3
Qf5 23. Qc3 Qf4+ 24. Nd2 Nd5 25. Qc4 Qg5 26. Qg4 Qxg4 27. Bxg4 Kf7 28. Re1 Re8
29. Ra3 f5 30. Bd1 Kf6 31. Rf3 Rbd8 32. Ne4+ Kf7 33. Bb3 h6 34. Kb1 g6 35. g4
b6 36. h4 Kg7 37. Nc3 Nxc3+ 38. Rxc3 Rd6 39. axb6 axb6 40. gxf5 gxf5 41. Rce3
Kf6 42. Re5 Re7 43. Bc4 Re8 44. Kc2 Re7 45. Kc3 Re8 46. b4 Re7 47. Bb3 Re8 48.
Bc2 Re7 49. Bxf5 c5 50. bxc5 bxc5 51. Bc2 Ra7 52. Rxc5 Ra3+ 53. Kb2 Rf3 54. h5
Rf2 55. Kc1 Rf4 56. Bg6 Ra6 57. Re2 Ra1+ 58. Kb2 Ra6 59. Rb5 e5 60. Rbxe5 Rb6+
61. Kc3 Rc6+ 62. Kd2 Rd6+ 63. Ke1 Rb4 64. Rf5+ Kg7 65. Rf7+ Kg8 66. Re8# {
1-0 Nakamura,H-Haba,P/playchess.com 2004/EXT 2005 (66).}) 20. Rad1 Qf5+ 21. Kc3
{Dies ist neu.} (21. Kb3 Qb5+ 22. Ka2 Nc5 $2 (22... Nb4+ {gewinnt mühelos; man
zweifelt, ob die Notation in Ordnung sei.}) 23. Kb1 e5 24. Nxe5 Qxa5 25. Bc4+
Kf8 26. Qh3 Qa4 27. Ng6+ hxg6 28. Qh8+ Ke7 29. Qxg7+ Ke8 30. Qf7# {1-0
Rychagov,A-Haba,P/playchess.com 2004/EXT 2005 (30).}) 21... Nc7 22. g4 (22. Kb3
{verdient ebenfalls Untersuchung.}) 22... Rxd1 ({Auf} 22... Nd5+ {folgt} 23.
Rxd5 Qxd5 24. Rd1 Qb5 25. Qxe6+ Kh8 ({Auch} 25... Kf8 26. Nd6 Qe5+ 27. Qxe5
fxe5 28. Rf1+ Ke7 29. Nf5+ {ist unbequem für Schwarz.}) 26. Nd6 Qxa5+ 27. Kb3 {
mit Vorteil für Weiß.}) 23. Rxd1 (23. Qg3 Rxh1 (23... Nd5+ 24. Kb3 Qf4 25. Qxf4
Nxf4 26. Bxd1 Rd8 27. Bc2) 24. gxf5 e5 25. Nd6 {führt zu einer undeutlichen
Lage.}) 23... Nd5+ 24. Rxd5 Qxd5 25. Qxa7 Rd8 $6 {Dies reicht vielleicht zum
Ausgleich,} ({aber} 25... Qd8 {ist meines Erachtens sicherer; Schwarz sollte
nicht verlieren.}) 26. Qxb7 Qh1 $2 (26... Qd4+ 27. Kb3 Qe4 28. Qb6 Ra8 {
sollte versucht werden:} 29. Qf2 Qd5 {mit unklarer Lage.}) 27. Qb6 Rd5 $6 ({
Besser ist} 27... Rf8 {, doch ist nicht wahrscheinlich, daß Schwarz nach} 28.
Qe3 e5 29. Bf3 {überleben kann.}) 28. Qb8+ Kf7 29. Nd6+ Kg6 30. Bd3+ Rxd3+ {
Das ist hoffnungslos, denn Schwarz hat kein Dauerschach. Indessen kann er sich
auch mit} (30... f5 31. gxf5+ Kh5 32. Be2+ (32. Qe8+ Kh4 33. Qe7+ Kh3 34. Qxg7
(34. Qxe6 Qc1+ 35. Bc2 Qd2+ 36. Kb3 Rxd6 {ist nicht besser.}) 34... Qc1+ 35.
Bc2 Qe3+ 36. Kc4 Rxd6 {führt zu keinem klaren Ergebnis.}) 32... Kg5 (32... Kh4
33. Qb4+) 33. Qd8+ Kf4 34. Qh4+ Ke3 35. fxe6 {nicht retten: der e-Bauer des
Weißen ist zu stark.}) 31. Kxd3 Qd1+ 32. Kc3 Qc1+ 33. Kb3 Qd1+ 34. Kb4 Qe1+ 35.
Kc5 Qxa5+ 36. Kxc6 Qa4+ 37. Qb5 Qc2+ 38. Kd7 e5 {In der Praxis zeigt sich
immer wieder, daß Schwarz in dieser Variante, in der er eine Figur für drei
Bauern eintauscht, große Unannehmlichkeiten hat: er kann kaum jemals gewinnen,
verliert aber recht oft.} 39. b4 1-0